000 00299nam a2200121Ia 4500
008 190216s9999||||xx |||||||||||||| ||und||
100 _aBhalla V K
245 0 _aFinancial Management And Policy
260 _bPrentice Hall Of India Pvt Ltd
_c1998
300 _a1306
650 _aCommerce
942 _cBK
999 _c6203
_d6203